000 01261cam a22002891i 4500
003 SA-RiAUC
005 20240916123900.0
008 240915s1995 le g 00010 ara c
040 _aADPOL
_bara
_cSA-RiAUC.
_erda
082 0 4 _a258.3
_qSA-RiAUC
090 _a258.3
_bن و و
100 1 _aالنووي، يحيى بن شرف بن مري،
_d631-676 هجري
_eمؤلف.
245 1 0 _aكتاب المجموع :
_bشرح المهذب للشيرازي /
_cأبو زكريا محيي الدين بن شرف النووي ؛ تحقيق محمد نجيب المطيعي.
246 3 0 _aالمجموع
246 3 0 _aشرح المهذب للشيرازي
264 1 _aبيروت :
_bدار إحياء التراث العربي،
_c1995
300 _a7 مجلدات ؛
_c24 سم
336 _aنص
_btxt
_2rdacontent
_3كتاب
337 _aبدون وسيط
_bn
_2rdamedia
338 _aمجلد
_bnc
_2rdacarrier
650 7 _aالفقه الشافعي
_2aucsh
700 1 _aالمطيعي، محمد نجيب،
_d1915-
_eمحقق.
700 1 2 _aالشيرازي، إبراهيم بن علي بن يوسف،
_d393-476 هجري
740 2 2 _aالمهذب في فقه الإمام الشافعي.
942 _2ddc
_cBOOK
949 _aSA-JeALM
_d240915
_umohamedma123
_n1
999 _c328
_d328